000 00939cam a22002771 4500
999 _c128877
_d128877
001 7032783
003 ARRUPE
005 20190131105809.0
008 760611s1959 sa ab b 000 0 eng
010 _a 62002064
035 _a(OCoLC)2222297
040 _aDLC
_cMiBsA
_dOCoLC
_dNcU
_dOCoLC
_dDLC
042 _apremarc
050 0 0 _aSPC. GN645
_b.D3
100 1 _aDart, Raymond A.
_q(Raymond Arthur),
_d1893-1988.
_944310
245 1 0 _aAfrica's place in the emergence of civilisation.
_cRaymond A. Dart
260 _a[Johannesburg,
_bSouth African Broadcasting Corporation,
_c1959?]
300 _a95 p.
_billus., maps, diagr.
_c21 cm.
440 4 _aThe Van Riebeeck lectures,
_v1959
_944311
500 _aCover title.
504 _aIncludes bibliographies.
650 0 _aPrimitive societies.
_917090
650 0 _aPrehistoric peoples
_zAfrica.
_912450
906 _a7
_bcbc
_coclcrpl
_du
_encip
_f19
_gy-gencatlg
942 _2lcc
_cSPC